Giáo trình ứng dụng máy tính trong kỹ thuật hệ thống công nghiệp
Gespeichert in:
| 1. Verfasser: | |
|---|---|
| Format: | Buch |
| Sprache: | Undetermined |
| Veröffentlicht: |
Thành phố Hồ Chí Minh
Đại học quốc gia
2002
|
| Schlagworte: | |
| Tags: |
Tag hinzufügen
Keine Tags, Fügen Sie den ersten Tag hinzu!
|
| Thư viện lưu trữ: | Trung tâm Học liệu Trường Đại học Cần Thơ |
|---|
| LEADER | 00574nam a2200169Ia 4500 | ||
|---|---|---|---|
| 001 | CTU_48473 | ||
| 008 | 210402s9999 xx 000 0 und d | ||
| 082 | |a 621.39 | ||
| 082 | |b A107 | ||
| 100 | |a Nguyễn, Tuấn Anh | ||
| 245 | 0 | |a Giáo trình ứng dụng máy tính trong kỹ thuật hệ thống công nghiệp | |
| 245 | 0 | |c Nguyễn Tuấn Anh | |
| 260 | |a Thành phố Hồ Chí Minh | ||
| 260 | |b Đại học quốc gia | ||
| 260 | |c 2002 | ||
| 650 | |a Computer engineering | ||
| 980 | |a Trung tâm Học liệu Trường Đại học Cần Thơ | ||